Real world digital photography (رقم التسجيلة. 26791)
[ عرض عادي ]
| 000 -الفاتح | |
|---|---|
| حقل البيانات ثابتة الطول | 01703nam a2200445Ia 4500 |
| 001 - رقم الضبط | |
| رقم الضبط | 733752546 |
| 003 - محدد رقم الضبط | |
| رقم الضبط | OCoLC |
| 005 - وقت وتاريخ اخر تعامل مع التسجيلة | |
| رقم الضبط | 20150408114110.0 |
| 006 - عناصر البيانات ثابتة الطول - خصائص المادة الاضافية-معلومات عامة | |
| حقل البيانات ثابتة الطول | m d |
| 007 - الحقل الثابت للوصف المادى- معلومات عامة | |
| حقل البيانات ثابتة الطول | cr unu |
| 008 - عناصر البيانات ثابتة الطول - معلومات عامة | |
| حقل البيانات ثابتة الطول | 110630s2011 caua s 001 0 eng d |
| 020 ## - الرقم الدولى المعيارى للكتب | |
| الرقم الدولى المعيارى للكتاب الملغى /الخاطئ | 9780321700995 |
| 020 ## - الرقم الدولى المعيارى للكتب | |
| الرقم الدولى المعيارى للكتاب | 9780321712882 |
| 020 ## - الرقم الدولى المعيارى للكتب | |
| الرقم الدولى المعيارى للكتاب | 0321712889 |
| 035 ## - رقم ضبط النظام | |
| رقم ضبط النظام | .b69825609 |
| 035 ## - رقم ضبط النظام | |
| رقم ضبط النظام | (OCoLC)733752546 |
| 037 ## - مصدر التزويد | |
| رقم المخزون | CL0500000094 |
| مصدر رقم المخزون/ التزويد | Safari Books Online |
| 040 ## - مصدر الفهرسة | |
| وكالة الفهرسة الأصلية | UMI |
| وكالة النسخ | UMI |
| وكالة التعديل | UtOrBLW |
| 082 ## - رقم تصنيف ديوى العشرى | |
| رقم الطبعة | 22 |
| رقم التصنيف | 006.6 |
| رقم المادة | EKR |
| 090 ## - رقم الضبط المحلى | |
| رقم تصنيف (OCLC) (R) ;رقم تصنيف, CALL (RLIN) (NR) | TR267 |
| كتر محلي OCLC رقم كتاب / رقم طلب غير مقسم,رقم RLIN( غير مكرر) | .E38 2011 |
| 100 1# - المدخل الرئيسى - إسم شخصى | |
| الإسم الشخصى | Eismann, Katrin. |
| 9 (RLIN) | 19465 |
| 245 10 - بيان العنوان | |
| العنوان | Real world digital photography |
| الوسيط | [electronic resource] / |
| بيان المسئوليه,etc | Katrin Eismann, Seán Duggan, Tim Grey. |
| 246 30 - العنوان الموازى | |
| عنوان صحيح/عنوان مختصر | Digital photography. |
| 250 ## - بيان الطبعة | |
| بيان الطبعة | 3rd ed. |
| 260 ## - PUBLICATION, DISTRIBUTION, ETC. (IMPRINT) | |
| مكان الناشر او الموزع | Berkeley, Calif. : |
| اسم الناشر او الموزع | Peachpit Press, |
| تاريخ النشر أو التوزيع | c2011. |
| 300 ## - الوصف المادى | |
| التعداد | 1 online resource (xxiv, 575 p.) : |
| تفاصيل ماديه اخرى للوعاء | col. ill. |
| 490 1# - بيان السلسلة | |
| عنوان السلسلة | Real world. |
| 500 ## - تبصرة عامة | |
| تبصرة عامة | Includes index. |
| 650 #0 - المدخل الاضافى بالموضوع-مصطلح موضوعى | |
| مصطلح موضوعي أو اسم جغرافي كعنصر مدخل | Photography |
| التقسيم الفرعي العام | Digital techniques. |
| 9 (RLIN) | 4986 |
| 650 #0 - المدخل الاضافى بالموضوع-مصطلح موضوعى | |
| مصطلح موضوعي أو اسم جغرافي كعنصر مدخل | Digital cameras. |
| 9 (RLIN) | 4988 |
| 655 #7 - مصطلح تكشيفى-نوع/شكل | |
| بيانات النوع/ الشكل أو المصطلح الأساسي | Electronic books. |
| مصدر المصطلح | lcgft. |
| 9 (RLIN) | 4135 |
| 700 1# - المدخل الاضافى - اسم شخصى | |
| الإسم الشخصى | Duggan, Seán, |
| التواريخ المصاحبة للاسم | 1962- |
| 9 (RLIN) | 19466 |
| 700 1# - المدخل الاضافى - اسم شخصى | |
| الإسم الشخصى | Grey, Tim. |
| 9 (RLIN) | 19467 |
| 773 0# - مدخل المادة المضيفة | |
| العنوان | Safari books online. |
| 776 08 - مدخل الشكل المادى الاضافى | |
| نص العرض | Print version: |
| رأس المدخل الرئيسي | Eismann, Katrin. |
| العنوان | Real world digital photography. |
| الطبعة | 3rd ed. |
| الناشر و مكان و تاريخ النشر | Berkeley, CA : Peachpit Press, c2011 |
| الرقم الدولى المعيارى للكتاب | 9780321700995 |
| رقم ضبط التسجيلة | (OCoLC)646395812. |
| 830 #0 - المدخل الاضافى بالسلسلة -عنوان موحد | |
| عنوان موحد | Real world. |
| 9 (RLIN) | 19468 |
| 856 4# - الوصول و الموقع الالكترونى | |
| تبصرة عامة | Connect to electronic resource |
| معرف المصدر الموحد | <a href="http://proquest.safaribooksonline.com/?uiCode=ohlink&xmlId=9780321712882">http://proquest.safaribooksonline.com/?uiCode=ohlink&xmlId=9780321712882</a> |
| 856 4# - الوصول و الموقع الالكترونى | |
| تبصرة عامة | Connect to electronic resource (off-campus access) |
| معرف المصدر الموحد | <a href="http://proxy.ohiolink.edu:9099/login?url=http://proquest.safaribooksonline.com/?uiCode=ohlink&xmlId=9780321712882">http://proxy.ohiolink.edu:9099/login?url=http://proquest.safaribooksonline.com/?uiCode=ohlink&xmlId=9780321712882</a> |
| 942 ## - عناصر المدخل الإضافي( كوها) | |
| مصدر التصنيف او مخطط الترفيف | Dewey Decimal Classification |
| Koha [default] item type | DVD |
| حالة الفقد | نموذج السعر الفعال | حالة تلف | ليس للاعارة | رقم الطلب | تاريخ الاكتساب | الموقع الحالي | الباركود | الفرع الرئيسي | Date last seen | نوع المادة فى نظام كوها | مصدر التصنيف او خطة الترفيف | Total Checkouts |
|---|---|---|---|---|---|---|---|---|---|---|---|---|
| 2013-03-10 | 006.6 EKR | 2012-12-31 | المكتبة المركزية بالمجمعة (CL) | 00401285 | المكتبة المركزية بالمجمعة (CL) | 2013-03-10 | كتاب | Dewey Decimal Classification | ||||
| 2013-03-10 | 006.6 EKR | 2013-01-01 | المكتبة المركزية بالمجمعة (CL) | 00401587 | المكتبة المركزية بالمجمعة (CL) | 2013-03-10 | كتاب | Dewey Decimal Classification | ||||
| 2013-03-10 | 006.6 EKR | 2013-01-01 | المكتبة المركزية بالمجمعة (CL) | 00401588 | المكتبة المركزية بالمجمعة (CL) | 2013-03-10 | كتاب | Dewey Decimal Classification |
